Normal view
MARC view
- Balram Panigrahi
Entry Personal Name
001 - CONTROL NUMBER
- control field: 882
003 - CONTROL NUMBER IDENTIFIER
- control field: OSt
005 - DATE AND TIME OF LATEST TRANSACTION
- control field: 20160712145216.0
008 - FIXED-LENGTH DATA ELEMENTS
- fixed length control field: 160712|| aca||aabn | a|a d
040 ## - CATALOGING SOURCE
- Original cataloging agency: OSt
- Transcribing agency: OSt
100 ## - HEADING--PERSONAL NAME
- Personal name: Balram Panigrahi
670 ## - SOURCE DATA FOUND
- Source citation: Work cat.: (OSt): Balram Panigrahi, A Handbook on Irrigation and Drainage, 2013
